Sistemas de información geográfica / (Registro nro. 9807)
[ vista simple ]
| 000 -LEADER | |
|---|---|
| Campo de control de longitud fija | 01569nam a22002897a 4500 |
| 003 - IDENTIFICADOR DEL NÚMERO DE CONTROL | |
| Campo de control | PE SENCICO BE |
| 005 - FECHA Y HORA DE LA ÚLTIMA TRANSACCIÓN | |
| Campo de control | 20260302193445.0 |
| 008 - ELEMENTOS DE LONGITUD FIJA - INFORMACIÓN GENERAL | |
| Campo de control de longitud fija | 251222b |||||||| |||| 00| 0 eng d |
| 020 ## - ISBN | |
| ISBN | 958 818 742 7 |
| 040 ## - FUENTE DE CATALOGACIÓN | |
| Origen de catalogación | PE SENCICO BE |
| Agencia que realiza la transcripción | PE SENCICO BE |
| 041 ## - CÓDIGO DE IDIOMA | |
| Idioma del texto | spa |
| 082 ## - NÚMERO DE CLASIFICACIÓN DECIMAL DEWEY | |
| Código de Clasificación Dewey | 910.285 |
| Notación Interna | G68 |
| 100 1# - ASIENTO PRINCIPAL--NOMBRE PERSONAL | |
| Autor Personal | Gómez Gómez, Jorge Hernando |
| 9 (RLIN) | 175 |
| Término relacionado | autor |
| 245 1# - MENCIÓN DEL TITULO | |
| Título | Sistemas de información geográfica / |
| Mención de responsabilidad | Jorge Hernando Gómez Gómez, Vanessa Mercedes Quiroga Arciniegas |
| 250 ## - MENCIÓN DE EDICIÓN | |
| Edición | [1a ed.] |
| 260 ## - PUBLICACIÓN, DISTRIBUCIÓN, ETC. (PIE DE IMPRENTA) | |
| Lugar de publicación, distribución, etc. | Bucaramanga : |
| Nombre de la Editorial, Distribuidor, etc. | Ediciones UIS ; |
| Fecha de publicación, distribución, etc. | 2005 |
| 300 ## - DESCRIPCIÓN FÍSICA | |
| Paginación | 174 páginas : |
| Otros detalles físicos | ilustraciones, tablas, diagramas ; |
| Dimensión | 23 cm. x 16 cm. |
| 504 ## - NOTA DE BIBLIOGRAFÍA, ETC. | |
| Bibliografía (rango de páginas) | Bibliografía: p.167-173 |
| 505 0# - NOTA DE CONTENIDO CON FORMATO PREESTABLECIDOE | |
| Contenido o índice | Los sistemas de información geográfica – La información georreferenciada – Captura de datos – Diseño del molde de datos – Representación y modelado de elementos espaciales – Bases de datos – Análisis en los SIG |
| 520 3# - NOTA DE RESUMEN, ETC. | |
| Resumen, etc. | Proporciona una visión global del alcance y limitaciones de los SIG para que se entienda hasta dónde se puede explotar esta moderna tecnología y cuál debe ser su aporte dentro de un grupo multidisciplinario. Es un aporte a la fundamentación teórica, la cual debe complementarse con la práctica de cualquiera de los múltiples softwares para SIG que se encuentran en el mercado. |
| 650 10 - ASIENTO SECUNDARIO DE MATERIA - TERMINO TEMÁTICO | |
| Término de tema o elemento de entrada de nombre geográfico | Sistemas de Información Geográfica (SIG) |
| 9 (RLIN) | 247 |
| 650 20 - ASIENTO SECUNDARIO DE MATERIA - TERMINO TEMÁTICO | |
| Término de tema o elemento de entrada de nombre geográfico | Cartografía |
| 9 (RLIN) | 251 |
| 650 20 - ASIENTO SECUNDARIO DE MATERIA - TERMINO TEMÁTICO | |
| Término de tema o elemento de entrada de nombre geográfico | Geomática |
| 9 (RLIN) | 523 |
| 700 1# - ASIENTO SECUNDARIO--NOMBRE PERSONAL | |
| Autor Personal | Quiroga Arciniegas, Vanessa Mercedes |
| 9 (RLIN) | 176 |
| Término de relación | autor |
| 910 ## - RESPONSABLE DEL REGISTRO | |
| Coordinador de procesamiento de la información | hfp |
| 942 ## - ELEMENTOS DE KOHA | |
| Fuente de clasificación o esquema de estanterías | Dewey Decimal Classification |
| Tipo de documento | Libros |
| 999 ## - | |
| -- | 9807 |
| -- | 9807 |
| Estado Retiro | Estado Perdido | Sistema de Clasificación o Esquema de Estantería | Estado Dañado | No es para préstamo | Ubicación Permanente | Ubicación Actual | Fecha de adquisición | Total Checkouts | Signatura topográfica completa | Código de Barras | Date last seen | Precio efectivo desde | Tipo de ítem |
|---|---|---|---|---|---|---|---|---|---|---|---|---|---|
| Dewey Decimal Classification | Biblioteca Trujillo | Biblioteca Trujillo | 22/12/2025 | 910.285/G68 | BibZtruj25122584 | 22/12/2025 | 22/12/2025 | Libros |